Normal view
MARC view
- Cholokhov, Mikhail
Entry Personal Name
001 - CONTROL NUMBER
- control field: 133788
003 - CONTROL NUMBER IDENTIFIER
- control field: NUST
005 - DATE AND TIME OF LATEST TRANSACTION
- control field: 20260331115335.0
008 - FIXED-LENGTH DATA ELEMENTS
- fixed length control field: 260331|| aca||aabn | a|a d
040 ## - CATALOGING SOURCE
- Original cataloging agency: NUST
- Transcribing agency: NUST
100 ## - HEADING--PERSONAL NAME
- Personal name: Cholokhov, Mikhail
670 ## - SOURCE DATA FOUND
- Source citation: Work cat.: (NUST): Cholokhov, Mikhail., Le Don paisible /, 1959.
